TEAM BUILDING: A SOURCEBOOK OF ACTIVITES FOR TRAINERS (Record no. 127191)

MARC details
000 -LEADER
fixed length control field 00342pam a2200121 a 4500
020 ## - INTERNATIONAL STANDARD BOOK NUMBER
International Standard Book Number 81-85617-43-0
Terms of availability
041 ## - LANGUAGE CODE
Language code of original
082 ## - DEWEY DECIMAL CLASSIFICATION NUMBER
Classification number 658.3124
Item number PAR/KRO
100 ## - MAIN ENTRY--PERSONAL NAME
Personal name PARKER G.M.,KROPR R.P.,
245 ## - TITLE STATEMENT
Title TEAM BUILDING: A SOURCEBOOK OF ACTIVITES FOR TRAINERS
Medium Textual Documents
260 ## - PUBLICATION, DISTRIBUTION, ETC.
Place of publication, distribution, etc. NEW DELHI
Name of publisher, distributor, etc. VIVA BOOKS PVT LTD
Date of publication, distribution, etc. 1996
930 ## - EQUIVALENCE OR CROSS-REFERENCE-UNIFORM TITLE HEADING [LOCAL, CANADA]
Uniform title 7728
Holdings
Withdrawn status Lost status Damaged status Not for loan Collection Home library Current library Date acquired Total Checkouts Full call number Barcode Date last seen Copy number Price effective from Koha item type
          Institute of Management & Entrepreneurship Development, Pune Institute of Management & Entrepreneurship Development, Pune 18/04/2011   658.3124 PAR/KRO IMP-IM-5909 01/03/2023 1 01/03/2023 Book